[Event "Mittelfrank Regionalliga Nord-West 2122"]
[Site "Mittelfranken"]
[Date "2022.04.03"]
[Round "7.7"]
[White "Scheidt, Joerg"]
[Black "Kuehn, Alexander1111"]
[Result "1-0"]
[WhiteElo "1908"]
[BlackElo "1820"]
[PlyCount "65"]
[EventDate "2021.10.24"]
[EventType "team-tourn"]
[EventRounds "9"]
[EventCountry "GER"]
[SourceTitle "EXT 2024"]
[Source "ChessBase"]
[SourceDate "2023.10.10"]
[SourceVersion "1"]
[SourceVersionDate "2023.10.10"]
[SourceQuality "1"]
[WhiteTeam "Hof PTSV"]
[BlackTeam "Rottendorf"]
[WhiteTeamCountry "GER"]
[BlackTeamCountry "GER"]

1. e4 c5 2. d4 cxd4 3. c3 e5 4. cxd4 exd4 5. Bc4 Bb4+ 6. Nd2 Qe7 7. Qe2 Nc6 8. Ngf3 Nf6 9. 0-0 0-0 10. a3 Bxd2 11. Nxd2 Ne5 12. Ba2 d6 13. h3 Be6 14. f4 Nc6 15. Bb1 Rfe8 16. Bd3 Rac8 17. b4 a6 18. Bb2 Bf5 19. Rae1 Qd7 20. Qf2 Bxh3 21. gxh3 Qxh3 22. Qf3 Qh4 23. Kg2 Ng4 24. Rh1 Ne3+ 25. Rxe3 Qxh1+ 26. Kxh1 dxe3 27. Qxe3 Re6 28. Nf3 Ne7 29. Qd4 Rg6 30. e5 Nc6 31. Qd5 Rh6+ 32. Kg2 dxe5 33. Nxe5 1-0

[Event "Regionalliga NW 1617"]
[Site "Bayern"]
[Date "2017.01.15"]
[Round "4.3"]
[White "Scheidt, Joerg"]
[Black "Amtmann, Florian"]
[Result "0-1"]
[WhiteElo "1957"]
[BlackElo "2038"]
[PlyCount "73"]
[EventDate "2016.10.16"]
[EventType "team-tourn"]
[EventRounds "9"]
[EventCountry "GER"]
[SourceTitle "EXT 2019"]
[Source "ChessBase"]
[SourceDate "2018.10.10"]
[SourceVersion "1"]
[SourceVersionDate "2018.10.10"]
[SourceQuality "1"]
[WhiteTeam "Hof PTSV"]
[BlackTeam "Stetten"]
[WhiteTeamCountry "GER"]
[BlackTeamCountry "GER"]

1. e4 c5 2. d4 cxd4 3. c3 g6 4. Nf3 Bg7 5. cxd4 d5 6. exd5 Nf6 7. Bb5+ Nbd7 8. Nc3 0-0 9. Qb3 Nb6 10. 0-0 a6 11. Bd3 Nbxd5 12. Re1 b5 13. Bg5 Be6 14. Qd1 Nb4 15. Bb1 Rc8 16. a4 Qb6 17. axb5 axb5 18. Qe2 Rb8 19. h3 Rfe8 20. Bf4 Bc4 21. Qd2 Rbd8 22. Be5 Nc6 23. Qf4 Nxe5 24. dxe5 Nd7 25. Qh4 Nc5 26. Ne4 Nd3 27. Re3 Nxe5 28. Bc2 Nxf3+ 29. Rxf3 Bd5 30. Re1 f5 31. Ng5 h6 32. Ne6 Bxe6 33. Rxe6 Qxe6 34. Bb3 Rd5 35. Rd3 Qe1+ 36. Kh2 Be5+ 37. g3 0-1

[Event "Regionalliga NW 1415"]
[Site "Bayern"]
[Date "2015.04.12"]
[Round "9.5"]
[White "Weck, Hans"]
[Black "Scheidt, Joerg"]
[Result "1-0"]
[WhiteElo "1962"]
[BlackElo "1957"]
[PlyCount "35"]
[EventDate "2014.10.19"]
[EventType "team-tourn"]
[EventRounds "9"]
[EventCountry "GER"]
[SourceTitle "EXT 2018"]
[Source "ChessBase"]
[SourceDate "2017.10.13"]
[SourceVersion "1"]
[SourceVersionDate "2017.10.13"]
[SourceQuality "1"]
[WhiteTeam "Bad Neustadt"]
[BlackTeam "Hof PTSV"]
[WhiteTeamCountry "GER"]
[BlackTeamCountry "GER"]

1. d4 e6 2. c4 d5 3. Nc3 c5 4. cxd5 exd5 5. Nf3 Nc6 6. Bf4 Nf6 7. e3 Bg4 8. Be2 cxd4 9. Nxd4 Bxe2 10. Qxe2 Nxd4 11. exd4+ Be7 12. 0-0 0-0 13. Rfe1 Bb4 14. Bg5 h6 15. Bxf6 Qxf6 16. Nxd5 Qxd4 17. Red1 Qc5 18. a3 1-0

[Event "Regionalliga NW 0910"]
[Site "Bayern"]
[Date "2010.03.21"]
[Round "8.5"]
[White "Scheidt, Joerg"]
[Black "Pesch, Werner"]
[Result "1/2-1/2"]
[WhiteElo "1990"]
[BlackElo "2171"]
[PlyCount "33"]
[EventDate "2009.10.18"]
[EventType "team-tourn"]
[EventRounds "9"]
[EventCountry "GER"]
[SourceTitle "EXT 2011"]
[Source "ChessBase"]
[SourceDate "2010.11.26"]
[SourceVersion "1"]
[SourceVersionDate "2010.11.26"]
[SourceQuality "1"]
[WhiteTeam "Hof"]
[BlackTeam "Bindlach II"]
[WhiteTeamCountry "GER"]
[BlackTeamCountry "GER"]

1. Nf3 Nf6 2. g3 g6 3. Bg2 Bg7 4. 0-0 0-0 5. d3 d6 6. e4 c5 7. Re1 Nc6 8. c3 e5 9. Nbd2 h6 10. h3 Be6 11. Nf1 Qd7 12. g4 h5 13. g5 Ne8 14. Kh2 Nc7 15. Be3 Rfd8 16. Qe2 Qe7 17. c4 1/2-1/2

[Event "Regionalliga NW 0910"]
[Site "Bayern"]
[Date "2010.01.24"]
[Round "5.6"]
[White "Scheidt, Joerg"]
[Black "Markert, Markus"]
[Result "1/2-1/2"]
[WhiteElo "1990"]
[BlackElo "1881"]
[PlyCount "162"]
[EventDate "2009.10.18"]
[EventType "team-tourn"]
[EventRounds "9"]
[EventCountry "GER"]
[SourceTitle "EXT 2011"]
[Source "ChessBase"]
[SourceDate "2010.11.26"]
[SourceVersion "1"]
[SourceVersionDate "2010.11.26"]
[SourceQuality "1"]
[WhiteTeam "Hof"]
[BlackTeam "Bad Neustadt"]
[WhiteTeamCountry "GER"]
[BlackTeamCountry "GER"]

1. e4 c5 2. Nf3 e6 3. d3 Nc6 4. g3 Nf6 5. Bg2 Be7 6. 0-0 d5 7. Nbd2 0-0 8. Re1 Qc7 9. c3 dxe4 10. dxe4 e5 11. Qc2 h6 12. Nc4 Be6 13. Ne3 Rfd8 14. Nh4 Bf8 15. Bd2 Rd7 16. Rad1 Rad8 17. b3 b5 18. Bc1 Qa5 19. Rxd7 Rxd7 20. Rd1 Qd8 21. Rxd7 Qxd7 22. Qd2 Qxd2 23. Bxd2 c4 24. bxc4 bxc4 25. f3 Nd7 26. Bf1 Nb6 27. Nhg2 Bc5 28. Ne1 g6 29. Kg2 Kg7 30. N1c2 a5 31. Nd1 Na7 32. Be3 Bxe3 33. Ncxe3 Nb5 34. Kf2 Kf8 35. Ke1 Ke7 36. Kd2 Kd6 37. Nb2 Kc5 38. Be2 a4 39. Bd1 a3 40. Na4+ Kc6 41. f4 exf4 42. gxf4 Nd6 43. Bc2 Nd7 44. Nf1 Kb5 45. Ke3 Nxe4 46. Bxe4 Kxa4 47. Bc6+ Ka5 48. Kd4 Kb6 49. Bxd7 Bxd7 50. Ne3 Be6 51. Nc2 f6 52. Nxa3 g5 53. fxg5 hxg5 54. Nxc4+ Kc6 55. Nd2 Bxa2 56. Ne4 Be6 57. Nxf6 Kd6 58. Ne4+ Ke7 59. Nxg5 Bc8 60. Ke5 Kd7 61. Kf6 Kc6 62. h4 Bg4 63. Ne4 Kd5 64. Nd2 Be2 65. Kg6 Bd3+ 66. Kg5 Ke6 67. h5 Kf7 68. h6 Bc2 69. Nf3 Bb1 70. Ne5+ Kg8 71. Ng4 Bc2 72. Nf6+ Kh8 73. Kf4 Bb3 74. Kf5 Ba2 75. Kg6 Bb1+ 76. Kf7 Ba2+ 77. Ke7 Bc4 78. Kd6 Ba2 79. Ke5 Bb3 80. Ng4 Kh7 81. Kd4 Bd1 1/2-1/2

[Event "Regionalliga NW 0910"]
[Site "Bayern"]
[Date "2009.12.13"]
[Round "4.6"]
[White "Kuespert, Helmut"]
[Black "Scheidt, Joerg"]
[Result "1/2-1/2"]
[WhiteElo "1913"]
[BlackElo "1990"]
[PlyCount "87"]
[EventDate "2009.10.18"]
[EventType "team-tourn"]
[EventRounds "9"]
[EventCountry "GER"]
[SourceTitle "EXT 2011"]
[Source "ChessBase"]
[SourceDate "2010.11.26"]
[SourceVersion "1"]
[SourceVersionDate "2010.11.26"]
[SourceQuality "1"]
[WhiteTeam "Marktleuthen"]
[BlackTeam "Hof"]
[WhiteTeamCountry "GER"]
[BlackTeamCountry "GER"]

1. e4 e6 2. d4 c5 3. c3 b6 4. g3 Bb7 5. Bg2 Be7 6. Be3 Nf6 7. f3 0-0 8. Ne2 Re8 9. 0-0 Nc6 10. Nd2 Rc8 11. a3 Ba6 12. Re1 d5 13. e5 Nd7 14. Rc1 Bd3 15. Nf4 Bf5 16. Bh3 Bxh3 17. Nxh3 cxd4 18. cxd4 Na5 19. Qe2 Rc7 20. b4 Nc6 21. Nb1 Qb8 22. f4 Rec8 23. Qd3 b5 24. Nc3 a6 25. Ne2 Nb6 26. f5 exf5 27. Qxf5 Nd8 28. Rxc7 Rxc7 29. Bg5 Qc8 30. Qxc8 Nxc8 31. Bxe7 Nxe7 32. Nhf4 Rc4 33. Kf2 Ndc6 34. Rd1 g5 35. Ng2 Rc2 36. Ne3 Ra2 37. Rd3 a5 38. bxa5 Nxa5 39. Rc3 Nc4 40. Nc2 Nd2 41. Ke1 Ne4 42. Rc7 Rb2 43. Nb4 Kf8 44. Kd1 1/2-1/2

[Event "Regionalliga NW 0910"]
[Site "Bayern"]
[Date "2009.11.15"]
[Round "2.6"]
[White "Malzer, Werner"]
[Black "Scheidt, Joerg"]
[Result "0-1"]
[WhiteElo "1949"]
[BlackElo "1990"]
[PlyCount "86"]
[EventDate "2009.10.18"]
[EventType "team-tourn"]
[EventRounds "9"]
[EventCountry "GER"]
[SourceTitle "EXT 2011"]
[Source "ChessBase"]
[SourceDate "2010.11.26"]
[SourceVersion "1"]
[SourceVersionDate "2010.11.26"]
[SourceQuality "1"]
[WhiteTeam "Kirchenlaibach"]
[BlackTeam "Hof"]
[WhiteTeamCountry "GER"]
[BlackTeamCountry "GER"]

1. e4 e6 2. d4 c5 3. Nf3 cxd4 4. Nxd4 Bc5 5. Nb3 Bb6 6. Bd3 Ne7 7. Bg5 Nbc6 8. 0-0 h6 9. Bh4 d5 10. exd5 exd5 11. Re1 0-0 12. Nc3 Be6 13. Na4 Bc7 14. Nac5 Bc8 15. Qh5 b6 16. Bb5 Qd6 17. Bg3 Qd8 18. Nd3 Bxg3 19. hxg3 a6 20. Bxc6 Nxc6 21. Ne5 Nxe5 22. Rxe5 d4 23. Rd1 Ra7 24. Nxd4 Rd7 25. c3 Bb7 26. Rde1 Qa8 27. Qh3 Rd6 28. Nf5 Rf6 29. Qg4 Rxf5 30. Qxf5 Bxg2 31. Kh2 g6 32. Qf4 Kg7 33. Re7 Bd5 34. c4 Bc6 35. Qe5+ Kg8 36. Qe3 Qd8 37. b3 h5 38. Qc3 h4 39. gxh4 Qd6+ 40. Qe5 Qd2 41. Qe2 Qf4+ 42. Kh3 Bf3 43. Re4 Qf5+ 0-1

[Event "Regionalliga NW 0405"]
[Site "Bayern"]
[Date "2005.02.13"]
[Round "7.7"]
[White "Scheidt, Joerg"]
[Black "Zschunke, Werner"]
[Result "1-0"]
[WhiteElo "2028"]
[BlackElo "1972"]
[PlyCount "105"]
[EventDate "2004.10.24"]
[EventType "team-tourn"]
[EventRounds "9"]
[EventCountry "GER"]
[SourceTitle "EXT 2007"]
[Source "ChessBase"]
[SourceDate "2006.11.23"]
[SourceVersion "1"]
[SourceVersionDate "2006.11.23"]
[SourceQuality "1"]
[WhiteTeam "Hof"]
[BlackTeam "Schweinfurt"]
[WhiteTeamCountry "GER"]
[BlackTeamCountry "GER"]

1. e4 c5 2. Nf3 d6 3. d3 Nc6 4. c3 g6 5. g3 Bg7 6. Bg2 Nf6 7. 0-0 0-0 8. Re1 e5 9. h3 Be6 10. Nbd2 h6 11. Nf1 d5 12. Qc2 Qd7 13. Kh2 Rad8 14. Be3 d4 15. cxd4 cxd4 16. Bd2 Rc8 17. Qa4 b5 18. Qa6 Rb8 19. Rec1 Rb6 20. Qa3 b4 21. Qa4 b3 22. axb3 Bxb3 23. Qa3 Rfb8 24. Rxc6 Qxc6 25. Nxe5 Qb5 26. f4 R8b7 27. Be1 Nd7 28. Ng4 Bf8 29. Qa5 Qxa5 30. Rxa5 Be6 31. f5 Bb3 32. Bf2 h5 33. Ne5 Nxe5 34. Rxe5 Rd7 35. Nd2 Bc2 36. Nc4 Rb3 37. Re8 Bxd3 38. Ne5 Rd6 39. Nf3 Rxb2 40. Bxd4 Rxd4 41. Nxd4 Bf1 42. f6 Bxg2 43. Kg1 Bxh3 44. Nc6 Be6 45. Ne7+ Kh7 46. Rxf8 Re2 47. Nc6 Rxe4 48. Nd8 a5 49. Nxf7 Bxf7 50. Rxf7+ Kh6 51. Rf8 g5 52. f7 Kg7 53. Re8 1-0

[Event "Passau op 8th"]
[Site "Passau"]
[Date "2000.04.22"]
[Round "4"]
[White "Scheidt, Joerg"]
[Black "Schoebel, Wolfgang"]
[Result "0-1"]
[WhiteElo "2149"]
[BlackElo "2304"]
[PlyCount "100"]
[EventDate "2000.04.21"]
[EventType "swiss"]
[EventRounds "7"]
[EventCountry "GER"]
[SourceTitle "CBM 076 Extra"]
[Source "ChessBase"]
[SourceDate "2000.07.11"]
[SourceVersion "1"]
[SourceVersionDate "2000.07.11"]
[SourceQuality "1"]

1. e3 d5 2. Nf3 Nf6 3. c4 c6 4. b3 Bg4 5. Bb2 e6 6. Be2 Bd6 7. 0-0 Nbd7 8. Nc3 0-0 9. cxd5 exd5 10. Nd4 Bxe2 11. Ncxe2 Re8 12. Ng3 a5 13. a3 Bf8 14. Nf3 Ne4 15. d3 Nxg3 16. hxg3 Qb6 17. Qc2 Nc5 18. Nd4 Ne6 19. Rfc1 c5 20. Nf3 a4 21. bxa4 Qa6 22. Qb3 Red8 23. e4 dxe4 24. dxe4 Qxa4 25. Qc3 Qxe4 26. Re1 Qd3 27. Qe5 Rd5 28. Red1 Rxe5 29. Rxd3 Re2 30. Rb3 Rb8 31. Be5 c4 32. Rb5 Ra8 33. Rxb7 Bc5 34. Rab1 f6 35. Rb8+ Rxb8 36. Rxb8+ Kf7 37. Rb7+ Ke8 38. Bc3 Bxa3 39. Nd4 Nxd4 40. Bxd4 Re1+ 41. Kh2 Re7 42. Rb6 Rc7 43. Ra6 Bc5 44. Bxc5 Rxc5 45. Ra2 Kd7 46. Kg1 Kc6 47. Kf1 Re5 48. Ra6+ Kb5 49. Ra8 c3 50. Rb8+ Kc4 0-1

[Event "Passau op 6th"]
[Site "Passau"]
[Date "1998.04.12"]
[Round "5"]
[White "Braun, Christian"]
[Black "Scheidt, Joerg"]
[Result "1/2-1/2"]
[WhiteElo "2195"]
[BlackElo "2040"]
[PlyCount "31"]
[EventDate "1998.04.10"]
[EventType "swiss"]
[EventRounds "7"]
[EventCountry "GER"]
[SourceTitle "EXT 1999"]
[Source "ChessBase"]
[SourceDate "1998.11.16"]
[SourceVersion "1"]
[SourceVersionDate "1998.11.16"]
[SourceQuality "1"]

1. d4 e6 2. c4 Nf6 3. Nc3 c5 4. d5 exd5 5. cxd5 a6 6. a4 Bd6 7. Bg5 h6 8. Bh4 Bc7 9. Nf3 d6 10. e3 Bg4 11. Be2 Bxf3 12. Bxf3 Nbd7 13. 0-0 0-0 14. Be2 Re8 15. Re1 Ba5 16. Rc1 1/2-1/2